| Tag |
First Indicator |
Second Indicator |
Subfields |
| LEADER |
00000cam a2200000 4500 |
| 001 |
in00000023186 |
| 005 |
20151007064322.0 |
| 008 |
720516s1966 nyu 00000 eng u |
| 010 |
|
|
|a 65011752
|
| 035 |
|
|
|a (OCoLC)00310314
|
| 035 |
|
|
|9 AAD9562AM
|
| 040 |
|
|
|c WSU
|d TXA
|d UtOrBLW
|
| 049 |
|
|
|a TXAM
|c [466454]
|
| 050 |
0 |
0 |
|a PA4414.A2
|b R58
|
| 092 |
|
|
|a 822
|b S712the
|
| 100 |
0 |
|
|a Sophocles.
|
| 245 |
1 |
4 |
|a The Theban saga /
|c edited with an introd. by Charles Alexander Robinson, Jr.
|
| 264 |
|
1 |
|a New York :
|b F. Watts,
|c [1966]
|
| 300 |
|
|
|a 188 pages ;
|c 22 cm.
|
| 336 |
|
|
|a text
|b txt
|2 rdacontent
|
| 337 |
|
|
|a unmediated
|b n
|2 rdamedia
|
| 338 |
|
|
|a volume
|b nc
|2 rdacarrier
|
| 490 |
1 |
|
|a Immortals of literature
|
| 505 |
0 |
|
|a Introduction.--Oedipus the king, translated by C. W. Mendell.--Oedipus at Colonus, translated by E. H. Plumptre.--Antigone, translated by R. Whitelaw.
|
| 830 |
|
0 |
|a Immortals of literature.
|
| 999 |
|
|
|a MARS
|
| 999 |
f |
f |
|s bf123c47-1c03-324e-bb41-1d0371fd60e1
|i 0cbd1461-d5a3-3e2d-878a-d99aa861932a
|t 0
|
| 952 |
f |
f |
|p serial
|a Texas A&M University
|b College Station
|c Sterling C. Evans Library
|d Evans: Library Stacks
|t 0
|e PA4414.A2 R58
|h Library of Congress classification
|i unmediated -- volume
|l 1966
|m A14842800121
|
| 998 |
f |
f |
|a PA4414.A2 R58
|t 0
|l Evans: Library Stacks
|